<?xml version="1.0" encoding="UTF-8"?>
<record
    xmlns:xsi="http://www.w3.org/2001/XMLSchema-instance"
    xsi:schemaLocation="http://www.loc.gov/MARC21/slim http://www.loc.gov/standards/marcxml/schema/MARC21slim.xsd"
    xmlns="http://www.loc.gov/MARC21/slim">

  <leader>01972nam0a22002531  4500</leader>
  <controlfield tag="001">v19\rc\1275372</controlfield>
  <controlfield tag="005">20250618005318.0</controlfield>
  <datafield tag="035" ind1=" " ind2=" ">
    <subfield code="a">(NLR Aleph) 004426817</subfield>
  </datafield>
  <datafield tag="090" ind1=" " ind2=" ">
    <subfield code="a">4212258</subfield>
    <subfield code="c">4212258</subfield>
  </datafield>
  <datafield tag="100" ind1=" " ind2=" ">
    <subfield code="a">20060306d1896    |||y0rusy50      ca</subfield>
  </datafield>
  <datafield tag="101" ind1="0" ind2=" ">
    <subfield code="a">rus</subfield>
  </datafield>
  <datafield tag="102" ind1=" " ind2=" ">
    <subfield code="a">RU</subfield>
  </datafield>
  <datafield tag="105" ind1=" " ind2=" ">
    <subfield code="a">y   z   |||||</subfield>
  </datafield>
  <datafield tag="200" ind1="1" ind2=" ">
    <subfield code="a">&#x41F;&#x440;&#x43E;&#x442;&#x43E;&#x43A;&#x43E;&#x43B; &#x421;&#x43E;&#x432;&#x435;&#x449;&#x430;&#x43D;&#x438;&#x44F;, &#x441;&#x43E;&#x441;&#x442;&#x43E;&#x44F;&#x432;&#x448;&#x435;&#x433;&#x43E;&#x441;&#x44F; 10 &#x43C;&#x430;&#x44F; 1896 &#x433;., &#x43F;&#x43E; &#x432;&#x43E;&#x43F;&#x440;&#x43E;&#x441;&#x443; &#x43E; &#x43F;&#x43E;&#x440;&#x44F;&#x434;&#x43A;&#x435; &#x434;&#x435;&#x43D;&#x435;&#x436;&#x43D;&#x44B;&#x445; &#x440;&#x430;&#x441;&#x447;&#x435;&#x442;&#x43E;&#x432; &#x43C;&#x435;&#x436;&#x434;&#x443; &#x436;&#x435;&#x43B;&#x435;&#x437;&#x43D;&#x44B;&#x43C;&#x438; &#x434;&#x43E;&#x440;&#x43E;&#x433;&#x430;&#x43C;&#x438; &#x438; &#x43F;&#x430;&#x440;&#x43E;&#x445;&#x43E;&#x434;&#x43D;&#x44B;&#x43C;&#x438; &#x43E;&#x431;&#x449;&#x435;&#x441;&#x442;&#x432;&#x430;&#x43C;&#x438; &#x437;&#x430; &#x43F;&#x435;&#x440;&#x435;&#x432;&#x43E;&#x437;&#x43A;&#x443; &#x43F;&#x430;&#x441;&#x441;&#x430;&#x436;&#x438;&#x440;&#x43E;&#x432;, &#x441;&#x43B;&#x435;&#x434;&#x443;&#x44E;&#x449;&#x438;&#x445; &#x43D;&#x430; &#x412;&#x441;&#x435;&#x440;&#x440;&#x43E;&#x441;&#x438;&#x439;&#x441;&#x43A;&#x443;&#x44E; &#x432;&#x44B;&#x441;&#x442;&#x430;&#x432;&#x43A;&#x443; &#x432; &#x41D;.-&#x41D;&#x43E;&#x432;&#x433;&#x43E;&#x440;&#x43E;&#x434;&#x435; &#x43F;&#x43E; &#x43A;&#x440;&#x443;&#x433;&#x43E;&#x432;&#x44B;&#x43C; &#x438; &#x43E;&#x431;&#x440;&#x430;&#x442;&#x43D;&#x44B;&#x43C; &#x43C;&#x430;&#x440;&#x448;&#x440;&#x443;&#x442;&#x430;&#x43C;</subfield>
  </datafield>
  <datafield tag="210" ind1=" " ind2=" ">
    <subfield code="a">[&#x421;&#x430;&#x43D;&#x43A;&#x442;-&#x41F;&#x435;&#x442;&#x435;&#x440;&#x431;&#x443;&#x440;&#x433;]</subfield>
    <subfield code="d">&#x446;&#x435;&#x43D;&#x437;. 1896</subfield>
  </datafield>
  <datafield tag="215" ind1=" " ind2=" ">
    <subfield code="a">4 &#x441;.</subfield>
    <subfield code="d">31</subfield>
  </datafield>
  <datafield tag="309" ind1=" " ind2=" ">
    <subfield code="a">&#x411;&#x435;&#x437; &#x442;&#x438;&#x442;. &#x43B;. &#x438; &#x43E;&#x431;&#x43B;.</subfield>
  </datafield>
  <datafield tag="532" ind1="1" ind2="1">
    <subfield code="a">&#x41F;&#x440;&#x43E;&#x442;&#x43E;&#x43A;&#x43E;&#x43B; &#x421;&#x43E;&#x432;&#x435;&#x449;&#x430;&#x43D;&#x438;&#x44F;, &#x441;&#x43E;&#x441;&#x442;&#x43E;&#x44F;&#x432;&#x448;&#x435;&#x433;&#x43E;&#x441;&#x44F; &#x434;&#x435;&#x441;&#x44F;&#x442;&#x43E;&#x433;&#x43E; &#x43C;&#x430;&#x44F; &#x442;&#x44B;&#x441;&#x44F;&#x447;&#x430; &#x432;&#x43E;&#x441;&#x435;&#x43C;&#x44C;&#x441;&#x43E;&#x442; &#x434;&#x435;&#x432;&#x44F;&#x43D;&#x43E;&#x441;&#x442;&#x43E; &#x448;&#x435;&#x441;&#x442;&#x43E;&#x433;&#x43E; &#x433;&#x43E;&#x434;&#x430;, &#x43F;&#x43E; &#x432;&#x43E;&#x43F;&#x440;&#x43E;&#x441;&#x443; &#x43E; &#x43F;&#x43E;&#x440;&#x44F;&#x434;&#x43A;&#x435; &#x434;&#x435;&#x43D;&#x435;&#x436;&#x43D;&#x44B;&#x445; &#x440;&#x430;&#x441;&#x447;&#x435;&#x442;&#x43E;&#x432; &#x43C;&#x435;&#x436;&#x434;&#x443; &#x436;&#x435;&#x43B;&#x435;&#x437;&#x43D;&#x44B;&#x43C;&#x438; &#x434;&#x43E;&#x440;&#x43E;&#x433;&#x430;&#x43C;&#x438; &#x438; &#x43F;&#x430;&#x440;&#x43E;&#x445;&#x43E;&#x434;&#x43D;&#x44B;&#x43C;&#x438; &#x43E;&#x431;&#x449;&#x435;&#x441;&#x442;&#x432;&#x430;&#x43C;&#x438; &#x437;&#x430; &#x43F;&#x435;&#x440;&#x435;&#x432;&#x43E;&#x437;&#x43A;&#x443; &#x43F;&#x430;&#x441;&#x441;&#x430;&#x436;&#x438;&#x440;&#x43E;&#x432;, &#x441;&#x43B;&#x435;&#x434;&#x443;&#x44E;&#x449;&#x438;&#x445; &#x43D;&#x430; &#x412;&#x441;&#x435;&#x440;&#x440;&#x43E;&#x441;&#x438;&#x439;&#x441;&#x43A;&#x443;&#x44E; &#x432;&#x44B;&#x441;&#x442;&#x430;&#x432;&#x43A;&#x443; &#x432; &#x41D;.-&#x41D;&#x43E;&#x432;&#x433;&#x43E;&#x440;&#x43E;&#x434;&#x435; &#x43F;&#x43E; &#x43A;&#x440;&#x443;&#x433;&#x43E;&#x432;&#x44B;&#x43C; &#x438; &#x43E;&#x431;&#x440;&#x430;&#x442;&#x43D;&#x44B;&#x43C; &#x43C;&#x430;&#x440;&#x448;&#x440;&#x443;&#x442;&#x430;&#x43C;</subfield>
  </datafield>
  <datafield tag="710" ind1="1" ind2="2">
    <subfield code="a">&#x421;&#x43E;&#x432;&#x435;&#x449;&#x430;&#x43D;&#x438;&#x435; &#x43F;&#x43E; &#x432;&#x43E;&#x43F;&#x440;&#x43E;&#x441;&#x443; &#x43E; &#x43F;&#x43E;&#x440;&#x44F;&#x434;&#x43A;&#x435; &#x434;&#x435;&#x43D;&#x435;&#x436;&#x43D;&#x44B;&#x445; &#x440;&#x430;&#x441;&#x441;&#x447;&#x435;&#x442;&#x43E;&#x432; &#x43C;&#x435;&#x436;&#x434;&#x443; &#x436;. &#x434;. &#x438; &#x43F;&#x430;&#x440;&#x43E;&#x445;&#x43E;&#x434;&#x43D;&#x44B;&#x43C;&#x438; &#x43E;&#x431;&#x449;&#x435;&#x441;&#x442;&#x432;&#x430;&#x43C;&#x438; &#x437;&#x430; &#x43F;&#x435;&#x440;&#x435;&#x432;&#x43E;&#x437;&#x43A;&#x443; &#x43F;&#x430;&#x441;&#x441;&#x430;&#x436;&#x438;&#x440;&#x43E;&#x432;, &#x441;&#x43B;&#x435;&#x434;&#x443;&#x44E;&#x449;&#x438;&#x445; &#x43D;&#x430; &#x412;&#x441;&#x435;&#x440;&#x43E;&#x441;&#x441;&#x438;&#x439;&#x441;&#x43A;&#x443;&#x44E; &#x432;&#x44B;&#x441;&#x442;&#x430;&#x432;&#x43A;&#x443; &#x432; &#x41D;.-&#x41D;&#x43E;&#x432;&#x433;&#x43E;&#x440;&#x43E;&#x434;&#x435; &#x43F;&#x43E; &#x43A;&#x440;&#x443;&#x433;&#x43E;&#x432;&#x44B;&#x43C; &#x438; &#x43E;&#x431;&#x440;&#x430;&#x442;&#x43D;&#x44B;&#x43C; &#x43C;&#x430;&#x440;&#x448;&#x440;&#x443;&#x442;&#x430;&#x43C;</subfield>
    <subfield code="f">1896</subfield>
    <subfield code="e">&#x41F;&#x435;&#x442;&#x435;&#x440;&#x431;&#x443;&#x440;&#x433;</subfield>
  </datafield>
  <datafield tag="801" ind1=" " ind2="0">
    <subfield code="a">RU</subfield>
    <subfield code="b">NLR</subfield>
    <subfield code="g">psbo</subfield>
  </datafield>
  <datafield tag="801" ind1=" " ind2="1">
    <subfield code="a">RU</subfield>
    <subfield code="b">ProSoft-M</subfield>
    <subfield code="2">rusmarc</subfield>
  </datafield>
  <datafield tag="852" ind1=" " ind2=" ">
    <subfield code="a">NLR</subfield>
    <subfield code="j">18.288.1.90</subfield>
  </datafield>
  <datafield tag="942" ind1=" " ind2=" ">
    <subfield code="c">BOOK</subfield>
  </datafield>
  <datafield tag="980" ind1=" " ind2=" ">
    <subfield code="a">NB</subfield>
  </datafield>
  <datafield tag="995" ind1=" " ind2=" ">
    <subfield code="5">2013-10-26</subfield>
    <subfield code="b">NLR02</subfield>
    <subfield code="c">NLR02</subfield>
    <subfield code="e">RFS</subfield>
    <subfield code="f">4426817-10</subfield>
    <subfield code="k">18.288.1.90</subfield>
    <subfield code="o">0</subfield>
    <subfield code="r">BOOK</subfield>
    <subfield code="s">18288190_</subfield>
  </datafield>
</record>
